[Event "European Women's Championship"]
[Site "Vysoke Tatry"]
[Date "2018.04.11"]
[Round "4"]
[White "Rapport, Jovana"]
[Black "Kubicka, Anna"]
[Result "1-0"]
[Board "38"]
[WhiteElo "2328"]
[WhiteTitle "WGM"]
[WhiteCountry "SRB"]
[WhiteFideId "937266"]
[WhiteEloChange "7"]
[BlackElo "2215"]
[BlackTitle "WFM"]
[BlackCountry "POL"]
[BlackFideId "1152254"]
[BlackEloChange "-7"]

1. d4 {[%clk 1:30:36]} Nf6 {[%clk 1:30:44]} 2. Nf3 {[%clk 1:30:55]} d6 {[%clk
1:30:50]} 3. g3 {[%clk 1:29:52]} g6 {[%clk 1:31:05]} 4. Bg2 {[%clk 1:29:54]} Bg7
{[%clk 1:31:26]} 5. O-O {[%clk 1:30:03]} O-O {[%clk 1:31:47]} 6. a4 {[%clk
1:29:58]} Nbd7 {[%clk 1:31:32]} 7. a5 {[%clk 1:28:30]} e5 {[%clk 1:30:52]} 8. a6
{[%clk 1:28:29]} e4 {[%clk 1:27:11]} 9. Nfd2 {[%clk 1:28:51]} d5 {[%clk 1:26:57]}
10. c4 {[%clk 1:29:12]} c6 {[%clk 1:24:48]} 11. axb7 {[%clk 1:28:47]} Bxb7 {[%clk
1:25:16]} 12. Nc3 {[%clk 1:28:39]} Nb6 {[%clk 1:20:50]} 13. c5 {[%clk 1:25:58]}
Nc8 {[%clk 1:17:45]} 14. Nb3 {[%clk 1:21:41]} Ne7 {[%clk 1:16:50]} 15. Bf4 {[%clk
1:18:18]} Ne8 {[%clk 1:13:41]} 16. Qd2 {[%clk 1:15:32]} f6 {[%clk 1:06:03]} 17.
h4 {[%clk 1:12:28]} Bc8 {[%clk 0:56:42]} 18. Na5 {[%clk 1:08:00]} Bd7 {[%clk
0:41:47]} 19. b4 {[%clk 1:03:39]} Qc8 {[%clk 0:39:11]} 20. Ra3 {[%clk 1:02:42]}
Nf5 {[%clk 0:34:39]} 21. b5 {[%clk 1:01:31]} g5 {[%clk 0:34:06]} 22. bxc6 {[%clk
0:54:13]} Bxc6 {[%clk 0:32:37]} 23. Bh3 {[%clk 0:45:02]} gxf4 {[%clk 0:27:12]}
24. Bxf5 {[%clk 0:44:27]} Qxf5 {[%clk 0:27:01]} 25. Nxc6 {[%clk 0:44:54]} Qd7
{[%clk 0:20:48]} 26. Nxd5 {[%clk 0:44:51]} Kh8 {[%clk 0:20:59]} 27. Ncb4 {[%clk
0:44:22]} e3 {[%clk 0:19:12]} 28. fxe3 {[%clk 0:32:57]} fxg3 {[%clk 0:19:12]} 29.
e4 {[%clk 0:33:04]} Qh3 {[%clk 0:17:20]} 30. e3 {[%clk 0:33:30]} Qxh4 {[%clk
0:14:43]} 31. Qg2 {[%clk 0:33:57]} a5 {[%clk 0:06:58]} 32. Nc6 {[%clk 0:32:15]}
f5 {[%clk 0:06:44]} 33. exf5 {[%clk 0:32:08]} Ra6 {[%clk 0:06:22]} 34. Nb6 {[%clk
0:28:11]} Nf6 {[%clk 0:05:11]} 35. Ne5 {[%clk 0:24:01]} Bh6 {[%clk 0:03:19]} 36.
Rf3 {[%clk 0:19:36]} Ne4 {[%clk 0:02:32]} 37. Qh1 {[%clk 0:16:03]} Qg5 {[%clk
0:02:20]} 38. Rf4 {[%clk 0:16:27]} Nf2 {[%clk 0:00:55]} 39. Qh4 {[%clk 0:16:22]}
Qg7 {[%clk 0:00:58]} 40. Rf3 {[%clk 0:46:48]} Bg5 {[%clk 0:30:40]} 41. Qxg3
{[%clk 0:43:19]} Ne4 {[%clk 0:29:55]} 42. Qg4 {[%clk 0:41:12]} Nxc5 {[%clk
0:27:39]} 43. f6 {[%clk 0:36:46]} Bxf6 {[%clk 0:24:08]} 44. Qxg7+ {[%clk
0:36:37]} Kxg7 {[%clk 0:20:10]} 45. dxc5 {[%clk 0:36:51]} Bxe5 {[%clk 0:19:14]}
46. Rxf8 {[%clk 0:37:15]} Kxf8 {[%clk 0:19:42]} 47. Nd7+ {[%clk 0:37:40]} Ke7
{[%clk 0:19:50]} 48. Nxe5 {[%clk 0:38:02]} Ke6 {[%clk 0:19:53]} 49. Nd3 {[%clk
0:37:35]} Ra7 {[%clk 0:19:58]} 50. e4 {[%clk 0:37:08]} h5 {[%clk 0:20:01]} 51.
Kf2 {[%clk 0:37:20]} h4 {[%clk 0:20:22]} 52. Ke3 {[%clk 0:37:40]} h3 {[%clk
0:19:51]} 53. Nf4+ {[%clk 0:29:51]} Ke5 {[%clk 0:19:28]} 54. Nxh3 {[%clk
0:30:08]} Rg7 {[%clk 0:19:20]} 55. Kf3 {[%clk 0:30:33]} Rf7+ {[%clk 0:19:00]} 56.
Ke2 {[%clk 0:30:59]} Rb7 {[%clk 0:09:25]} 57. Kd3 {[%clk 0:27:22]} Rg7 {[%clk
0:08:18]} 58. Kc4 {[%clk 0:26:37]} Kxe4 {[%clk 0:08:33]} 59. c6 {[%clk 0:27:05]}
Ke5 {[%clk 0:08:41]} 60. Kc5 {[%clk 0:27:30]} a4 {[%clk 0:08:26]} 61. Re3+ {[%clk
0:27:16]} Kf6 {[%clk 0:08:30]} 62. Nf4 {[%clk 0:27:18]} Rg5+ {[%clk 0:08:16]} 63.
Nd5+ {[%clk 0:26:39]} Kf7 {[%clk 0:08:33]} 64. c7 {[%clk 0:26:36]} Rg8 {[%clk
0:08:51]} 65. Kc6 {[%clk 0:26:30]} a3 {[%clk 0:09:02]} 66. Rxa3 {[%clk 0:26:12]}
1-0

[Event "European Women's Championship"]
[Site "Vysoke Tatry"]
[Date "2018.04.11"]
[Round "4"]
[White "Kusenkova, Natallia"]
[Black "Cibickova, Zuzana"]
[Result "1-0"]
[Board "39"]
[WhiteElo "2134"]
[WhiteCountry "BLR"]
[WhiteFideId "13506501"]
[WhiteEloChange "15"]
[BlackElo "2327"]
[BlackTitle "WGM"]
[BlackCountry "SVK"]
[BlackFideId "14905779"]
[BlackEloChange "-15"]

1. d4 {[%clk 1:30:57]} d5 {[%clk 1:29:42]} 2. c4 {[%clk 1:31:04]} e6 {[%clk
1:26:16]} 3. Nf3 {[%clk 1:30:43]} Nf6 {[%clk 1:26:33]} 4. g3 {[%clk 1:28:50]}
dxc4 {[%clk 1:26:10]} 5. Bg2 {[%clk 1:26:29]} a6 {[%clk 1:26:37]} 6. a4 {[%clk
1:21:55]} Bb4+ {[%clk 1:25:47]} 7. Bd2 {[%clk 1:21:23]} a5 {[%clk 1:13:22]} 8.
Bxb4 {[%clk 1:14:49]} axb4 {[%clk 1:13:50]} 9. Ne5 {[%clk 1:14:52]} O-O {[%clk
1:12:00]} 10. Nxc4 {[%clk 1:08:56]} Nc6 {[%clk 1:09:52]} 11. e3 {[%clk 1:08:37]}
Na5 {[%clk 1:08:30]} 12. Nbd2 {[%clk 1:05:41]} Qe7 {[%clk 0:52:13]} 13. O-O
{[%clk 0:59:30]} Rd8 {[%clk 0:50:04]} 14. Qc2 {[%clk 0:55:39]} Nxc4 {[%clk
0:26:24]} 15. Nxc4 {[%clk 0:55:24]} Nd7 {[%clk 0:25:36]} 16. Rfd1 {[%clk
0:48:34]} Rb8 {[%clk 0:20:13]} 17. Ne5 {[%clk 0:38:48]} c5 {[%clk 0:09:41]} 18.
Nxd7 {[%clk 0:35:04]} Bxd7 {[%clk 0:10:10]} 19. Qxc5 {[%clk 0:29:18]} Qxc5 {[%clk
0:10:19]} 20. dxc5 {[%clk 0:29:43]} Bc6 {[%clk 0:09:42]} 21. Rxd8+ {[%clk
0:26:00]} Rxd8 {[%clk 0:10:12]} 22. Bxc6 {[%clk 0:26:16]} bxc6 {[%clk 0:10:41]}
23. a5 {[%clk 0:25:37]} Kf8 {[%clk 0:08:40]} 24. a6 {[%clk 0:24:21]} e5 {[%clk
0:08:54]} 25. e4 {[%clk 0:22:42]} Ke7 {[%clk 0:07:53]} 26. Kf1 {[%clk 0:19:33]}
h5 {[%clk 0:06:41]} 27. b3 {[%clk 0:16:51]} f5 {[%clk 0:04:51]} 28. f3 {[%clk
0:14:43]} g5 {[%clk 0:03:32]} 29. Ke2 {[%clk 0:10:38]} g4 {[%clk 0:01:41]} 30.
fxg4 {[%clk 0:03:53]} hxg4 {[%clk 0:02:01]} 31. Ke3 {[%clk 0:02:43]} Ke6 {[%clk
0:01:49]} 32. a7 {[%clk 0:01:58]} Ra8 {[%clk 0:02:18]} 33. Ra6 {[%clk 0:02:06]}
fxe4 {[%clk 0:01:59]} 34. Kxe4 {[%clk 0:01:45]} Kd7 {[%clk 0:00:38]} 35. Kxe5
{[%clk 0:02:00]} 1-0

[Event "European Women's Championship"]
[Site "Vysoke Tatry"]
[Date "2018.04.11"]
[Round "4"]
[White "Mrvova, Alena"]
[Black "Charochkina, Daria"]
[Result "0-1"]
[Board "41"]
[WhiteElo "2179"]
[WhiteTitle "WIM"]
[WhiteCountry "SVK"]
[WhiteFideId "14902036"]
[WhiteEloChange "-6"]
[BlackElo "2326"]
[BlackTitle "IM"]
[BlackCountry "RUS"]
[BlackFideId "4180917"]
[BlackEloChange "6"]

1. e4 {[%clk 1:30:31]} g6 {[%clk 1:30:55]} 2. d4 {[%clk 1:27:44]} Bg7 {[%clk
1:31:17]} 3. Nf3 {[%clk 1:27:32]} d6 {[%clk 1:31:38]} 4. Bc4 {[%clk 1:23:55]} Nf6
{[%clk 1:30:52]} 5. Qe2 {[%clk 1:20:06]} d5 {[%clk 1:12:04]} 6. exd5 {[%clk
1:15:31]} Nxd5 {[%clk 1:12:30]} 7. O-O {[%clk 1:15:05]} c6 {[%clk 1:03:21]} 8.
Nc3 {[%clk 1:07:47]} O-O {[%clk 1:00:12]} 9. Bg5 {[%clk 1:03:28]} Be6 {[%clk
0:57:17]} 10. Rfe1 {[%clk 0:53:58]} h6 {[%clk 0:48:25]} 11. Bd2 {[%clk 0:50:22]}
Re8 {[%clk 0:43:36]} 12. Ne5 {[%clk 0:44:59]} Nxc3 {[%clk 0:39:41]} 13. bxc3
{[%clk 0:40:42]} Bxc4 {[%clk 0:35:26]} 14. Qxc4 {[%clk 0:40:28]} Qd5 {[%clk
0:33:26]} 15. Qxd5 {[%clk 0:36:10]} cxd5 {[%clk 0:32:25]} 16. Rab1 {[%clk
0:36:33]} b6 {[%clk 0:32:36]} 17. Ng4 {[%clk 0:29:37]} h5 {[%clk 0:32:16]} 18.
Ne3 {[%clk 0:29:39]} Rd8 {[%clk 0:32:37]} 19. g4 {[%clk 0:29:00]} hxg4 {[%clk
0:31:34]} 20. Nxg4 {[%clk 0:29:25]} Nc6 {[%clk 0:31:38]} 21. Rb5 {[%clk 0:28:22]}
Rac8 {[%clk 0:28:56]} 22. Kg2 {[%clk 0:28:34]} f5 {[%clk 0:25:41]} 23. Ne3 {[%clk
0:24:47]} e6 {[%clk 0:25:54]} 24. h4 {[%clk 0:24:15]} Kf7 {[%clk 0:25:41]} 25. f4
{[%clk 0:13:42]} Bf6 {[%clk 0:25:03]} 26. Kg3 {[%clk 0:14:05]} Rh8 {[%clk
0:25:23]} 27. Ng2 {[%clk 0:14:27]} Na5 {[%clk 0:25:27]} 28. Re2 {[%clk 0:14:04]}
Nc4 {[%clk 0:25:19]} 29. Be1 {[%clk 0:13:53]} Nd6 {[%clk 0:24:14]} 30. Rb3 {[%clk
0:14:17]} Ne4+ {[%clk 0:24:32]} 31. Kf3 {[%clk 0:13:43]} Rc4 {[%clk 0:21:35]} 32.
Ra3 {[%clk 0:12:33]} a5 {[%clk 0:21:09]} 33. Rb3 {[%clk 0:11:10]} Rb8 {[%clk
0:21:25]} 34. Ne3 {[%clk 0:10:38]} Ra4 {[%clk 0:20:00]} 35. a3 {[%clk 0:08:36]}
Be7 {[%clk 0:19:56]} 36. Rh2 {[%clk 0:09:01]} Rxa3 {[%clk 0:16:26]} 37. Rxa3
{[%clk 0:09:10]} Bxa3 {[%clk 0:16:52]} 38. c4 {[%clk 0:09:35]} Nf6 {[%clk
0:05:09]} 39. cxd5 {[%clk 0:08:34]} exd5 {[%clk 0:05:34]} 40. c4 {[%clk 0:38:59]}
Re8 {[%clk 0:32:39]} 41. Rc2 {[%clk 0:34:12]} Ng4 {[%clk 0:22:14]} 42. Ng2 {[%clk
0:27:14]} Rc8 {[%clk 0:12:03]} 43. c5 {[%clk 0:14:11]} bxc5 {[%clk 0:12:29]} 44.
Bxa5 {[%clk 0:14:38]} c4 {[%clk 0:06:43]} 45. Ra2 {[%clk 0:14:30]} Bd6 {[%clk
0:04:42]} 46. Bc3 {[%clk 0:14:40]} Rb8 {[%clk 0:04:53]} 47. Ke2 {[%clk 0:13:02]}
Rb3 {[%clk 0:05:19]} 48. Rc2 {[%clk 0:11:06]} Ba3 {[%clk 0:04:29]} 49. Ne1 {[%clk
0:09:34]} Nf6 {[%clk 0:04:23]} 50. Nf3 {[%clk 0:08:33]} Nh5 {[%clk 0:04:10]} 51.
Ne5+ {[%clk 0:04:59]} Kf6 {[%clk 0:04:00]} 52. Bd2 {[%clk 0:04:15]} Ng3+ {[%clk
0:04:24]} 53. Ke1 {[%clk 0:03:02]} c3 {[%clk 0:01:29]} 54. Be3 {[%clk 0:01:55]}
Rb1+ {[%clk 0:01:56]} 55. Kf2 {[%clk 0:02:14]} Rb2 {[%clk 0:01:55]} 56. Kxg3
{[%clk 0:02:04]} Rxc2 {[%clk 0:02:21]} 57. Nd3 {[%clk 0:02:31]} Ra2 {[%clk
0:02:21]} 58. Kf3 {[%clk 0:01:28]} c2 {[%clk 0:02:40]} 0-1

[Event "European Women's Championship"]
[Site "Vysoke Tatry"]
[Date "2018.04.11"]
[Round "4"]
[White "Tomilova, Elena"]
[Black "Huda, Maryana"]
[Result "1-0"]
[Board "42"]
[WhiteElo "2326"]
[WhiteTitle "WIM"]
[WhiteCountry "RUS"]
[WhiteFideId "4162340"]
[WhiteEloChange "6"]
[BlackElo "2161"]
[BlackTitle "WGM"]
[BlackCountry "UKR"]
[BlackFideId "14116553"]
[BlackEloChange "-6"]

1. Nf3 {[%clk 1:30:56]} d5 {[%clk 1:30:50]} 2. c4 {[%clk 1:31:12]} c6 {[%clk
1:30:51]} 3. b3 {[%clk 1:31:01]} Bf5 {[%clk 1:29:38]} 4. Bb2 {[%clk 1:31:09]} e6
{[%clk 1:29:31]} 5. g3 {[%clk 1:30:55]} Nf6 {[%clk 1:29:14]} 6. Bg2 {[%clk
1:31:13]} Be7 {[%clk 1:28:42]} 7. O-O {[%clk 1:31:30]} O-O {[%clk 1:28:18]} 8. d3
{[%clk 1:31:51]} h6 {[%clk 1:28:10]} 9. Nbd2 {[%clk 1:31:45]} Bh7 {[%clk
1:27:39]} 10. Qc2 {[%clk 1:30:07]} a5 {[%clk 1:26:19]} 11. a3 {[%clk 1:29:10]}
Na6 {[%clk 1:26:22]} 12. Rac1 {[%clk 1:23:37]} Re8 {[%clk 1:10:08]} 13. Qb1
{[%clk 1:22:28]} Nd7 {[%clk 1:07:36]} 14. Qa1 {[%clk 1:18:10]} Bf6 {[%clk
1:07:13]} 15. d4 {[%clk 1:17:53]} Nc7 {[%clk 1:00:34]} 16. Ne5 {[%clk 1:12:52]}
Be7 {[%clk 0:53:18]} 17. e4 {[%clk 1:07:52]} f6 {[%clk 0:52:00]} 18. Nxd7 {[%clk
1:06:58]} Qxd7 {[%clk 0:52:26]} 19. Rfe1 {[%clk 1:07:01]} Bf8 {[%clk 0:52:06]}
20. Re2 {[%clk 1:00:56]} Bg6 {[%clk 0:46:54]} 21. h3 {[%clk 0:55:16]} b6 {[%clk
0:39:14]} 22. Kh1 {[%clk 0:35:41]} Bf7 {[%clk 0:39:06]} 23. Nf3 {[%clk 0:32:28]}
c5 {[%clk 0:32:07]} 24. dxc5 {[%clk 0:30:34]} bxc5 {[%clk 0:29:29]} 25. e5 {[%clk
0:26:50]} d4 {[%clk 0:28:17]} 26. exf6 {[%clk 0:12:03]} gxf6 {[%clk 0:28:33]} 27.
Rce1 {[%clk 0:11:22]} Rab8 {[%clk 0:26:44]} 28. Qd1 {[%clk 0:11:42]} Rb6 {[%clk
0:19:29]} 29. Re4 {[%clk 0:10:17]} e5 {[%clk 0:15:15]} 30. Rg4+ {[%clk 0:10:38]}
Kh8 {[%clk 0:15:24]} 31. Rh4 {[%clk 0:10:09]} Bg7 {[%clk 0:14:03]} 32. Bc3 {[%clk
0:09:08]} Rbe6 {[%clk 0:10:48]} 33. Bxa5 {[%clk 0:07:33]} e4 {[%clk 0:10:56]} 34.
Ng1 {[%clk 0:04:06]} f5 {[%clk 0:11:03]} 35. Qd2 {[%clk 0:02:52]} e3 {[%clk
0:06:50]} 36. fxe3 {[%clk 0:03:11]} Rxe3 {[%clk 0:07:15]} 37. Rxe3 {[%clk
0:03:16]} Rxe3 {[%clk 0:07:40]} 38. Nf3 {[%clk 0:03:21]} Ne6 {[%clk 0:02:31]} 39.
b4 {[%clk 0:03:10]} Qa4 {[%clk 0:02:17]} 40. bxc5 {[%clk 0:31:59]} Qxa3 {[%clk
0:31:26]} 41. Bb4 {[%clk 0:30:38]} Qb3 {[%clk 0:30:03]} 42. Nxd4 {[%clk 0:27:11]}
Qb1+ {[%clk 0:26:47]} 43. Kh2 {[%clk 0:27:24]} Rd3 {[%clk 0:26:13]} 44. Qc2
{[%clk 0:24:08]} Qxb4 {[%clk 0:23:15]} 45. Qxd3 {[%clk 0:22:54]} Nxd4 {[%clk
0:21:58]} 46. Rxd4 {[%clk 0:23:05]} Qxc5 {[%clk 0:22:15]} 47. Rd8+ {[%clk
0:19:30]} Kh7 {[%clk 0:22:40]} 48. Bd5 {[%clk 0:18:31]} Qf2+ {[%clk 0:22:04]} 49.
Bg2 {[%clk 0:17:47]} Bg6 {[%clk 0:19:57]} 50. Qf3 {[%clk 0:16:26]} Qc2 {[%clk
0:19:19]} 51. Qd5 {[%clk 0:16:28]} h5 {[%clk 0:19:06]} 52. h4 {[%clk 0:16:16]}
Qc3 {[%clk 0:17:36]} 53. c5 {[%clk 0:15:30]} f4 {[%clk 0:14:12]} 54. gxf4 {[%clk
0:15:48]} Qf6 {[%clk 0:11:11]} 55. Qg5 {[%clk 0:15:56]} Qe6 {[%clk 0:11:23]} 56.
Rd6 {[%clk 0:15:33]} Qf7 {[%clk 0:10:44]} 57. Bd5 {[%clk 0:13:55]} Qe8 {[%clk
0:10:41]} 58. Rxg6 {[%clk 0:13:44]} Qxg6 {[%clk 0:10:04]} 59. Bg8+ {[%clk
0:14:02]} 1-0

[Event "European Women's Championship"]
[Site "Vysoke Tatry"]
[Date "2018.04.11"]
[Round "4"]
[White "Kulon, Klaudia"]
[Black "Dwilewicz, Katarzyna"]
[Result "1-0"]
[Board "43"]
[WhiteElo "2319"]
[WhiteTitle "WGM"]
[WhiteCountry "POL"]
[WhiteFideId "1131044"]
[WhiteEloChange "2"]
[BlackElo "1967"]
[BlackTitle "WFM"]
[BlackCountry "POL"]
[BlackFideId "1148486"]
[BlackEloChange "-2"]

1. e4 {[%clk 1:30:58]} e5 {[%clk 1:30:55]} 2. Nf3 {[%clk 1:31:24]} Nc6 {[%clk
1:31:22]} 3. d4 {[%clk 1:31:51]} exd4 {[%clk 1:31:43]} 4. Nxd4 {[%clk 1:32:18]}
Bb4+ {[%clk 1:30:42]} 5. c3 {[%clk 1:32:03]} Be7 {[%clk 1:30:36]} 6. Bd3 {[%clk
1:30:54]} Nf6 {[%clk 1:22:21]} 7. O-O {[%clk 1:28:04]} O-O {[%clk 1:17:17]} 8.
Nf5 {[%clk 1:23:46]} Bc5 {[%clk 1:11:28]} 9. Bg5 {[%clk 1:20:00]} Ne5 {[%clk
1:00:52]} 10. b4 {[%clk 1:13:25]} Bb6 {[%clk 0:53:50]} 11. a4 {[%clk 1:13:49]} a5
{[%clk 0:51:10]} 12. Bc2 {[%clk 1:11:26]} h6 {[%clk 0:43:21]} 13. Be3 {[%clk
1:09:14]} Bxe3 {[%clk 0:41:27]} 14. Nxe3 {[%clk 1:09:39]} d6 {[%clk 0:40:27]} 15.
h3 {[%clk 1:09:47]} c6 {[%clk 0:39:26]} 16. Qd4 {[%clk 1:05:35]} Nh5 {[%clk
0:20:45]} 17. f4 {[%clk 0:55:35]} Ng3 {[%clk 0:08:53]} 18. Rf2 {[%clk 0:54:45]}
Ng4 {[%clk 0:04:22]} 19. Nf1 {[%clk 0:38:55]} Nxf2 {[%clk 0:02:07]} 20. Nxg3
{[%clk 0:39:22]} Nxh3+ {[%clk 0:01:54]} 21. gxh3 {[%clk 0:39:51]} Qh4 {[%clk
0:01:58]} 22. Qf2 {[%clk 0:40:14]} Bxh3 {[%clk 0:01:34]} 23. Nd2 {[%clk 0:39:47]}
Rfe8 {[%clk 0:01:34]} 24. Nc4 {[%clk 0:38:36]} Re6 {[%clk 0:00:47]} 25. f5 {[%clk
0:38:09]} Rf6 {[%clk 0:00:45]} 26. Rd1 {[%clk 0:37:19]} axb4 {[%clk 0:00:45]} 27.
cxb4 {[%clk 0:37:41]} b5 {[%clk 0:00:41]} 28. Nb6 {[%clk 0:37:47]} Re8 {[%clk
0:00:42]} 29. a5 {[%clk 0:33:31]} d5 {[%clk 0:00:49]} 30. exd5 {[%clk 0:32:39]}
cxd5 {[%clk 0:00:57]} 31. Nxd5 {[%clk 0:30:31]} Rd6 {[%clk 0:00:34]} 32. f6
{[%clk 0:30:47]} gxf6 {[%clk 0:00:34]} 33. Ne7+ {[%clk 0:30:57]} Rxe7 {[%clk
0:01:03]} 34. Rxd6 {[%clk 0:31:22]} Re5 {[%clk 0:00:56]} 35. Rd8+ {[%clk
0:31:38]} Kg7 {[%clk 0:01:24]} 36. Nf5+ {[%clk 0:31:56]} 1-0

[Event "European Women's Championship"]
[Site "Vysoke Tatry"]
[Date "2018.04.11"]
[Round "4"]
[White "Pogonina, Natalija"]
[Black "Arda, Cagil Irmak"]
[Result "1-0"]
[Board "45"]
[WhiteElo "2474"]
[WhiteTitle "WGM"]
[WhiteCountry "RUS"]
[WhiteFideId "4147855"]
[WhiteEloChange "2"]
[BlackElo "2199"]
[BlackTitle "WFM"]
[BlackCountry "TUR"]
[BlackFideId "6351700"]
[BlackEloChange "-3"]

1. d4 {[%clk 1:30:56]} Nf6 {[%clk 1:30:23]} 2. c4 {[%clk 1:31:21]} e6 {[%clk
1:30:46]} 3. g3 {[%clk 1:31:26]} d5 {[%clk 1:30:52]} 4. Nf3 {[%clk 1:31:41]} dxc4
{[%clk 1:31:10]} 5. Bg2 {[%clk 1:31:51]} Bd7 {[%clk 1:31:32]} 6. Ne5 {[%clk
1:26:26]} Bc6 {[%clk 1:31:48]} 7. Nxc6 {[%clk 1:26:51]} Nxc6 {[%clk 1:32:11]} 8.
e3 {[%clk 1:26:45]} Qd7 {[%clk 1:32:24]} 9. O-O {[%clk 1:27:06]} Rd8 {[%clk
1:32:45]} 10. Nc3 {[%clk 1:05:43]} a6 {[%clk 1:20:31]} 11. Qe2 {[%clk 1:04:47]}
b5 {[%clk 1:14:25]} 12. a4 {[%clk 0:53:43]} Nb4 {[%clk 1:11:08]} 13. axb5 {[%clk
0:50:45]} axb5 {[%clk 1:11:06]} 14. Ra7 {[%clk 0:49:49]} Nbd5 {[%clk 1:02:37]}
15. e4 {[%clk 0:47:08]} Nxc3 {[%clk 0:58:55]} 16. bxc3 {[%clk 0:47:04]} Be7
{[%clk 0:59:10]} 17. Bf4 {[%clk 0:42:25]} Rc8 {[%clk 0:59:10]} 18. Rb1 {[%clk
0:41:04]} O-O {[%clk 0:56:45]} 19. Rb7 {[%clk 0:39:53]} b4 {[%clk 0:42:10]} 20.
Qxc4 {[%clk 0:39:00]} bxc3 {[%clk 0:38:48]} 21. h3 {[%clk 0:37:45]} Rfd8 {[%clk
0:35:30]} 22. Be3 {[%clk 0:36:33]} Qe8 {[%clk 0:31:02]} 23. Qxc3 {[%clk 0:23:15]}
c6 {[%clk 0:26:35]} 24. Qc4 {[%clk 0:18:25]} Bf8 {[%clk 0:24:36]} 25. Kh2 {[%clk
0:17:03]} Nd7 {[%clk 0:15:36]} 26. Bg5 {[%clk 0:08:27]} Be7 {[%clk 0:16:00]} 27.
Bxe7 {[%clk 0:08:31]} Qxe7 {[%clk 0:10:42]} 28. Ra1 {[%clk 0:08:18]} Qe8 {[%clk
0:06:34]} 29. Raa7 {[%clk 0:05:28]} Nf6 {[%clk 0:06:53]} 30. Re7 {[%clk 0:04:45]}
Qf8 {[%clk 0:02:11]} 31. f4 {[%clk 0:04:29]} Re8 {[%clk 0:02:04]} 32. Reb7 {[%clk
0:01:41]} c5 {[%clk 0:02:28]} 33. Rxf7 Qxf7 {[%clk 0:02:28]} 34. Rxf7 Kxf7 {[%clk
0:02:28]} 35. dxc5 {[%clk 0:02:29]} Kf8 {[%clk 0:02:02]} 36. g4 {[%clk 0:01:15]}
e5 {[%clk 0:01:29]} 37. fxe5 {[%clk 0:01:04]} Rxe5 {[%clk 0:01:36]} 38. c6 {[%clk
0:01:18]} Rc7 {[%clk 0:00:52]} 39. Qd4 {[%clk 0:01:01]} Ree7 {[%clk 0:00:58]} 40.
e5 {[%clk 0:30:47]} Ne8 {[%clk 0:30:47]} 41. h4 {[%clk 0:22:33]} g6 {[%clk
0:24:36]} 42. h5 {[%clk 0:16:55]} gxh5 {[%clk 0:19:26]} 43. gxh5 {[%clk 0:17:17]}
h6 {[%clk 0:18:57]} 44. Bd5 {[%clk 0:16:20]} Rh7 {[%clk 0:08:53]} 45. Qb4+ {[%clk
0:15:03]} Rce7 {[%clk 0:08:46]} 46. Qf4+ {[%clk 0:15:20]} Kg7 {[%clk 0:09:04]}
47. Qg4+ {[%clk 0:15:40]} 1-0

[Event "European Women's Championship"]
[Site "Vysoke Tatry"]
[Date "2018.04.11"]
[Round "4"]
[White "Antolak, Julia"]
[Black "Bodnaruk, Anastasia"]
[Result "1-0"]
[Board "46"]
[WhiteElo "2212"]
[WhiteTitle "WFM"]
[WhiteCountry "POL"]
[WhiteFideId "1159569"]
[WhiteEloChange "16"]
[BlackElo "2460"]
[BlackTitle "IM"]
[BlackCountry "RUS"]
[BlackFideId "4181751"]
[BlackEloChange "-8"]

1. e4 {[%clk 1:30:57]} c5 {[%clk 1:30:55]} 2. Nf3 {[%clk 1:31:22]} d6 {[%clk
1:31:22]} 3. d4 {[%clk 1:31:45]} cxd4 {[%clk 1:31:48]} 4. Nxd4 {[%clk 1:32:08]}
Nf6 {[%clk 1:32:15]} 5. Nc3 {[%clk 1:32:33]} a6 {[%clk 1:32:42]} 6. Be3 {[%clk
1:32:54]} e5 {[%clk 1:32:47]} 7. Nb3 {[%clk 1:33:17]} Be7 {[%clk 1:33:01]} 8. f3
{[%clk 1:33:34]} O-O {[%clk 1:32:21]} 9. Qd2 {[%clk 1:33:50]} Be6 {[%clk
1:32:46]} 10. O-O-O {[%clk 1:34:10]} Nbd7 {[%clk 1:30:14]} 11. g4 {[%clk
1:34:16]} b5 {[%clk 1:30:36]} 12. g5 {[%clk 1:34:06]} Nh5 {[%clk 1:30:44]} 13.
Kb1 {[%clk 1:33:41]} Qc7 {[%clk 1:16:28]} 14. Nd5 {[%clk 1:33:33]} Bxd5 {[%clk
1:16:55]} 15. exd5 {[%clk 1:33:55]} f5 {[%clk 1:15:39]} 16. gxf6 {[%clk 1:25:20]}
Bxf6 {[%clk 1:15:24]} 17. Bd3 {[%clk 0:54:06]} Nb6 {[%clk 1:03:26]} 18. Bxb6
{[%clk 0:35:29]} Qxb6 {[%clk 1:03:53]} 19. Na5 {[%clk 0:34:46]} Bh4 {[%clk
0:51:53]} 20. Nc6 {[%clk 0:27:39]} Rf4 {[%clk 0:47:47]} 21. Rhg1 {[%clk 0:25:20]}
Qf2 {[%clk 0:38:46]} 22. Qa5 {[%clk 0:20:34]} Qxf3 {[%clk 0:37:01]} 23. Bxb5
{[%clk 0:19:44]} e4 {[%clk 0:27:52]} 24. Nd4 {[%clk 0:19:21]} Qe3 {[%clk
0:26:16]} 25. Ne6 {[%clk 0:18:24]} Rf7 {[%clk 0:25:43]} 26. Rgf1 {[%clk 0:10:00]}
Bf2 {[%clk 0:20:19]} 27. Ba4 {[%clk 0:08:25]} Nf4 {[%clk 0:16:45]} 28. Qb4 {[%clk
0:07:41]} Ng2 {[%clk 0:08:05]} 29. Qxd6 {[%clk 0:06:50]} Qe2 {[%clk 0:06:38]} 30.
Ng5 {[%clk 0:06:09]} Rf6 {[%clk 0:06:08]} 31. Qb4 {[%clk 0:02:20]} Rf4 {[%clk
0:00:53]} 32. d6 {[%clk 0:01:10]} h6 {[%clk 0:00:39]} 33. Ne6 {[%clk 0:01:13]}
Rf6 {[%clk 0:00:34]} 34. Bb3 {[%clk 0:01:26]} Kh7 {[%clk 0:00:48]} 35. Bd5 {[%clk
0:01:19]} Re8 {[%clk 0:00:34]} 36. Qxe4+ {[%clk 0:01:26]} Qxe4 {[%clk 0:01:02]}
37. Bxe4+ {[%clk 0:01:52]} g6 {[%clk 0:00:34]} 38. d7 {[%clk 0:02:09]} Rfxe6
{[%clk 0:00:50]} 39. dxe8Q {[%clk 0:02:29]} Rxe8 {[%clk 0:01:19]} 40. Bxg2 {[%clk
0:32:52]} 1-0

[Event "European Women's Championship"]
[Site "Vysoke Tatry"]
[Date "2018.04.11"]
[Round "4"]
[White "Zherebtsova, Alexandra"]
[Black "Michna, Marta"]
[Result "1-0"]
[Board "48"]
[WhiteElo "2202"]
[WhiteTitle "WFM"]
[WhiteCountry "RUS"]
[WhiteFideId "24129518"]
[WhiteEloChange "14"]
[BlackElo "2367"]
[BlackTitle "WGM"]
[BlackCountry "GER"]
[BlackFideId "1106686"]
[BlackEloChange "-14"]

1. d4 {[%clk 1:30:57]} e6 {[%clk 1:30:50]} 2. Nf3 {[%clk 1:30:56]} b6 {[%clk
1:31:16]} 3. e4 {[%clk 1:30:27]} Bb7 {[%clk 1:31:39]} 4. Bd3 {[%clk 1:30:28]} c5
{[%clk 1:30:57]} 5. c3 {[%clk 1:27:38]} d6 {[%clk 1:30:48]} 6. O-O {[%clk
1:25:07]} Nd7 {[%clk 1:28:14]} 7. Qe2 {[%clk 1:18:17]} Ngf6 {[%clk 1:21:55]} 8.
a4 {[%clk 1:11:02]} Be7 {[%clk 1:08:45]} 9. Nbd2 {[%clk 1:03:05]} d5 {[%clk
1:01:46]} 10. e5 {[%clk 0:56:04]} Nh5 {[%clk 1:01:50]} 11. Nb1 {[%clk 0:48:18]}
g6 {[%clk 1:00:30]} 12. g4 {[%clk 0:42:19]} Ng7 {[%clk 1:00:37]} 13. Bh6 {[%clk
0:42:42]} O-O {[%clk 1:00:21]} 14. Nbd2 {[%clk 0:36:55]} Qc7 {[%clk 0:53:22]} 15.
h4 {[%clk 0:26:43]} Rae8 {[%clk 0:50:02]} 16. h5 {[%clk 0:20:54]} f5 {[%clk
0:46:45]} 17. exf6 {[%clk 0:13:05]} Rxf6 {[%clk 0:40:29]} 18. hxg6 {[%clk
0:09:18]} Nf8 {[%clk 0:35:21]} 19. Qe5 {[%clk 0:03:02]} Qd8 {[%clk 0:35:20]} 20.
gxh7+ {[%clk 0:03:02]} Nxh7 {[%clk 0:33:59]} 21. Bxg7 {[%clk 0:02:29]} Kxg7
{[%clk 0:31:51]} 22. g5 {[%clk 0:02:49]} Rg8 {[%clk 0:30:18]} 23. gxf6+ {[%clk
0:02:36]} Kf7+ {[%clk 0:30:47]} 24. Kh1 {[%clk 0:02:27]} Nxf6 {[%clk 0:31:13]}
25. Ng5+ {[%clk 0:01:54]} Rxg5 {[%clk 0:31:04]} 26. Qxg5 {[%clk 0:02:18]} Qh8+
{[%clk 0:31:33]} 27. Kg2 {[%clk 0:01:33]} Ne4 {[%clk 0:31:48]} 28. Qf4+ {[%clk
0:01:41]} Bf6 {[%clk 0:32:16]} 29. Nxe4 {[%clk 0:01:12]} dxe4 {[%clk 0:32:42]}
30. Bxe4 {[%clk 0:01:20]} 1-0